| 000 | 00872nam a2200193Ii 4500 | ||
|---|---|---|---|
| 003 | JO-AjNU | ||
| 008 | 230605s9999||||xx |||||||||||||| ||und|| | ||
| 040 |
_aJO-AjNU _bara _erda _cJO-AjNU |
||
| 041 | _aara | ||
| 050 | 1 | 4 | _aBP130.S226 1981 |
| 100 | 3 |
_aبقلم الصابوني، محمد علي, _eauthor _962068 |
|
| 245 | 0 | 0 | _aالتبيان في علوم القرآن: محاضرات في علوم القرآن تبحث عن نزولة وتدوينه وجمعه واعجازه وعن التفسير والمفسرين مع رد شبهات المستشرقين باسلوب يجمع بين الجدة والتحقيق |
| 264 | 3 | 1 | _aدمشق: مكتبة الغزالي،1981 |
| 300 | _a232ص | ||
| 336 |
_atext _btxt _2rdacontent |
||
| 337 |
_aunmediated _bn _2rdamedia |
||
| 338 |
_avolume _bnc _2rdacarrier |
||
| 650 | 4 |
_aالقرآن الكريم-علوم _962069 |
|
| 999 |
_aA28087 _c31655 _d31655 |
||